000 01377nam a2200361 i 4500
003 CO-BoRNBP
005 20230314165443.0
007 ta
008 211021s2021 ck ||er|||| 00| 0 spa d
020 _a9789585472600
040 _aCO-BoRNBP
_bspa
_erda
_cCO-BoRNBP
041 0 _aspa
043 _as-ck---
082 0 4 _a340.115
_bC31j
_222
100 1 _aChaves Romero, Clara Inés
_eautora
_9238
245 1 0 _aJusticia transicional
_bdel laberinto a la esperanza
_cClara Inés Chaves Romero ; prólogo Eduardo Pizarro Leongómez ; presentación Álvaro Leyva Durán
250 _aEdición especial
264 1 _aBogotá
_bIcono Editorial
_c2021
300 _a318 páginas
_c24 cm
336 _atexto
_btxt
_2rdacontent
337 _asin mediación
_bn
_2rdamedia
338 _avolumen
_bnc
_2rdacarrier
490 0 _aPlan Nacional de Lectura y Escritura Leer es mi Cuento / Ministerio de Cultura
504 _aBibliografía: páginas 295-318
521 _aRecomendado para público adulto
650 1 7 _aJusticia transicional
_zColombia
_2LEMB
_9239
650 1 7 _aProceso de paz
_zColombia
_2LEMB
_9240
650 1 7 _aJurisdicción Especial para la Paz
_zColombia
_2LEMB
_9241
651 4 _aColombia
_xPolítica y gobierno
_ySiglo XXI
_9212
700 1 _aPizarro Leongómez, Eduardo
_eprologuista
_9242
700 1 _aLeyva Durán, Álvaro
_epresentador
_9243
942 _2ddc
_cBK
999 _c9233
_d9233